Online
Catalog

Enseñanza de 7 conceptos cruciales del psicoanalisis =Enseignement de 7 concepts crucioux de la psychanalyse / (Record no. 3492)

MARC details
000 -CABECERA
campo de control de longitud fija 01080nam a2200289 u 4500
001 - NÚMERO DE CONTROL
campo de control 000003669
005 - FECHA Y HORA DE LA ÚLTIMA TRANSACCIÓN
campo de control 20200929150526.0
008 - DATOS DE LONGITUD FIJA--INFORMACIÓN GENERAL
campo de control de longitud fija 090713s1996 es a r 001 0 spa d
020 ## - NÚMERO INTERNACIONAL ESTÁNDAR DEL LIBRO
Número Internacional Estándar del Libro 8474324254
040 ## - FUENTE DE LA CATALOGACIÓN
Centro catalogador/agencia de origen DO-SdBNP
Lengua de catalogación spa
Centro/agencia transcriptor BNPHU
041 17 - CÓDIGO DE LENGUA
Código de lengua del texto/banda sonora o título independiente spa
Código de lengua original fren
082 ## - NÚMERO DE LA CLASIFICACIÓN DECIMAL DEWEY
Número de clasificación 150.195, 1996
100 1# - ENTRADA PRINCIPAL--NOMBRE DE PERSONA
Nombre de persona Nasio, Juan David
9 (RLIN) 11242
245 10 - MENCIÓN DE TÍTULO
Título Enseñanza de 7 conceptos cruciales del psicoanalisis =Enseignement de 7 concepts crucioux de la psychanalyse /
Mención de responsabilidad, etc. Juan David Nasio ; traducción Graciela Klein ; ilustración Carlos Nine.
246 1# - FORMA VARIANTE DE TÍTULO
Título propio/Titulo breve Enseignement de 7 concepts crucioux de la psychanalyse
250 ## - MENCIÓN DE EDICIÓN
Mención de edición 4a. ed.
260 ## - PUBLICACIÓN, DISTRIBUCIÓN, ETC.
Lugar de publicación, distribución, etc. Balcelona :
Nombre del editor, distribuidor, etc. Gedisa,
Fecha de publicación, distribución, etc. 1996.
300 ## - DESCRIPCIÓN FÍSICA
Extensión 238 p. :
Otras características físicas il., ;
Dimensiones 20 cm.
490 1# - MENCIÓN DE SERIE
Mención de serie Serie freudiana
500 ## - NOTA GENERAL
Nota general Incluye índice
504 ## - NOTA DE BIBLIOGRAFÍA, ETC.
Nota de bibliografía, etc. Incluye notas bibliográficas al pie de las paginas
534 ## - NOTA SOBRE LA VERSIÓN ORIGINAL
Frase introductoria Título original.
Mención de título del original Enseignement de 7 concepts crucioux de la psychanalyse
650 #4 - PUNTO DE ACCESO ADICIONAL DE MATERIA--TÉRMINO DE MATERIA
Término de materia o nombre geográfico como elemento de entrada Psicoanálisis
9 (RLIN) 1958
700 1# - PUNTO DE ACCESO ADICIONAL--NOMBRE DE PERSONA
Nombre de persona Klein, Graciela
Término indicativo de función/relación trad.
9 (RLIN) 11243
700 1# - PUNTO DE ACCESO ADICIONAL--NOMBRE DE PERSONA
Nombre de persona Nine, Carlos
Término indicativo de función/relación il.
9 (RLIN) 11244
830 #0 - PUNTO DE ACCESO ADICIONAL DE SERIE-TÍTULO UNIFORME
Título uniforme Freudiana
9 (RLIN) 11245
Holdings
Estado de retiro Estado de pérdida Restricciones de uso No para préstamo Código de colección Localización permanente Ubicación/localización actual Ubicación en estantería Fecha de adquisición Número de inventario Total de préstamos Signatura topográfica completa Código de barras Fecha visto por última vez Precio válido a partir de Tipo de ítem Koha
        Monografías: Libros y Folletos General General En catalogación 13.07.2009 LF1   150.195, 1996 3669-10 25.06.2020 25.06.2020 Préstamo en sala

Powered by Koha